000 00384nam a2200145Ia 4500
008 211109s9999||||xx |||||||||||||| ||und||
082 _a894.8123
_bNAR-N
100 _aNarayanapillai, P K
245 0 _aNavabharati
260 _bMathrubhoomi
_aCalicut
_c1972
300 _a155p.
630 _xGeneral Stack
650 _aMALAYALAM LITERATURE
_vMALAYALAM NOVEL
_xGeneralia
942 _cBOOK
999 _c6221
_d6221